000 01174cam a22003018i 4500
999 _c129628
_d129628
001 20604015
003 ARRUPE
005 20190522100014.0
008 180727s2019 enk 001 0 eng
010 _a 2018035148
020 _a9781108426190
040 _aDLC
_beng
_erda
_cDLC
042 _apcc
050 0 0 _aD13
_b.W687 2019
082 0 0 _a907.2
_223
100 1 _aWoolf, D. R.
_q(Daniel R.),
_eauthor.
_946470
245 1 2 _aA concise history of history :
_bglobal historiography from antiquity to the present /
_cDaniel Woolf, Queen's University, Ontario.
260 _aCambridge
_bCambridge University Press
_c2019
263 _a1811
300 _axviii, 342p. ;
_c23cm.
500 _aIncludes index.
650 0 _aHistoriography
_xHistory.
_94071
906 _a7
_bcbc
_corignew
_d1
_eecip
_f20
_gy-gencatlg
942 _2lcc
_cMONOGRAPH